The Amazing Digital Circus characters - Statistics

General Stats
  • This quiz has been taken 442 times
  • The average score is 8 of 9
Answer Stats
Answer % Correct
Pomni
98%
Jax
96%
Caine
95%
Kinger
91%
Ragatha
91%
Zooble
90%
Gangle
89%
Bubble
86%
Gloink Queen
30%
No matching quizzes found
Score Distribution
Percent of People with Each Score
Percentile by Number Answered
Your Score History
You have not taken this quiz